000 00424nam a22001457a 4500
003 SGT
082 _a617.84
_bE24K
100 _aKUMARI, PINKU
245 _aEFFECT OF BREATHING EXERCISE AND CORE STABILIZATION EXERCISE ALONG WITH BREATHING CADENCE IN RUNNER'S STITCH: AN ELECTROMYOGRAPHICAL ANALYSIS
260 _aGURUGRAM
_bSGT UNIVERSITY
_c2025
300 _a43
650 _aSPORTS
653 _aMPT
942 _2ddc
_cTH
999 _c32657
_d32657